000 00516nam a2200181Ia 4500
005 20250508151657.0
008 008 250505s9999 xx 000 0 eng d
037 _aTextual
040 _aFEDL
_beng
_cFEDL
041 _aeng
_2eng
084 _a155.2, ALL
_qFEDL
100 _aAllport Gordon W
245 0 _aPersonality : A psychological interpretation
260 _aLondon, UK
_bConstable and Company Ltd.
_c1937
300 _axiv,588p
942 _cTEXL
_h155.2, ALL
999 _c1331379
_d1331379